000 00200 a2200097 4500
001 5275
100 _aSharman,RV
245 _avibrations & waves
260 _a
_bButterworths
_c
090 _c4380
_d4380
942 _aNUST-CAE
_cM
_c30690
999 _c240348
_d240348